• 首页
  • 本馆介绍
  • 公告通知
  • 最新文献
  • 馆藏检索
  • 电子资源
  • 读者导购
  • 参考咨询
  • 我的图书馆
  • 登录
  • 详细信息显示
  • 放入我的书架
  • 预约/预借图书
  • 作者相关作品
  • 分类相关作品
  • 丛书相关作品
  • 出版社相关作品

书目信息

  • 表格格式
  • 工作单格式
  • 卡片格式
题名:
学习Python:做个有编程能力的设计师
    
 
作者: 包瑞清
分册:  
出版信息: 南京   江苏凤凰科学技术出版社  2015.06
页数: 266页
开本: 20cm
丛书名:
单 册:
中图分类: TP311.56
科图分类:
主题词: 软件
电子资源:
ISBN: 7-5537-4540-5
000 00619nam0 2200193 450
001 1873
005 20161201142914.14
010    @a7-5537-4540-5@dCNY138.00
100    @a20150807d2015 km y0chiy0120 ea
101 0  @achi
200 1  @a学习Python:做个有编程能力的设计师@Axue xi Python:zuo ge you bian cheng neng li de she ji shi@f包瑞清@Fbao rui qing
210    @a南京@c江苏凤凰科学技术出版社@d2015.06
215    @a266页@d20cm
330    @a软件工具·程序设计
606 0  @a软件
690    @aTP311.56@v4
701  0 @a包瑞清@Abao rui qing
801  0 @aCN@b大连网信软件有限公司图书馆·11@c20161201
905    @aZUCC@dTP311.56@e1016
    
    学习Python:做个有编程能力的设计师/包瑞清.-南京:江苏凤凰科学技术出版社,2015.06
    266页;20cm
    
    
    ISBN 7-5537-4540-5:CNY138.00
    软件工具·程序设计
●
相关链接 在E读中查询图书 在五车中查询图书 在当当中查询图书 在豆瓣中查询图书


正题名:学习Python:做个有编程能力的设计师     索取号:TP311.56/1016         预约/预借

序号 登录号 条形码 馆藏地/架位号 状态 备注
1 910231   209102317   第二样本阅览室/ [索取号:TP311.56/1016] 在馆    
2 910232   209102326   第三借阅区/ [索取号:TP311.56/1016] 在馆    
3 910233   209102335   第三借阅区/ [索取号:TP311.56/1016] 已借出,限还日期为2025.05.15
借出人:张 静  
 
4 910234   209102344   第三借阅区/ [索取号:TP311.56/1016] 在馆    
唐山师范学院图书馆 欢迎您!
大连网信软件有限公司© 版权所有